ESTAMPAS DE LA CIUDAD DE MÉXICO (Registro nro. 68648)

Detalles MARC
000 -CABECERA
campo de control de longitud fija 01031nam a22002177a 4500
003 - IDENTIFICADOR DEL NÚMERO DE CONTROL
campo de control BPGM
008 - DATOS DE LONGITUD FIJA--INFORMACIÓN GENERAL
campo de control de longitud fija 260619s mx ||||gr|||| 001 ||SPA||
040 ## - FUENTE DE LA CATALOGACIÓN
Lengua de catalogación spa
041 ## - CÓDIGO DE LENGUA
Código de lengua del texto/banda sonora o título independiente SPA
Código de lengua original SPA
082 04 - NÚMERO DE LA CLASIFICACIÓN DECIMAL DEWEY
Número de edición PRIMERA EDICIÓN 1990
Número de clasificación CQ / 917.2532 / V43
100 ## - ENTRADA PRINCIPAL--NOMBRE DE PERSONA
Nombre de persona VEGA Y MONROY, LUIS
Títulos y otros términos asociados al nombre AUTOR
245 ## - MENCIÓN DE TÍTULO
Título ESTAMPAS DE LA CIUDAD DE MÉXICO
260 ## - PUBLICACIÓN, DISTRIBUCIÓN, ETC.
Lugar de publicación, distribución, etc. QUERÉTARO, MÉXICO;
Nombre del editor, distribuidor, etc. AUTORES DE QUERÉTARO;
Fecha de publicación, distribución, etc. 1990;
300 ## - DESCRIPCIÓN FÍSICA
Extensión 335 PÁGINAS;
Dimensiones 21.2 CM X 13.8 CM
336 ## - TIPO DE CONTENIDO
Fuente rdacontent
Término de tipo de contenido texto
Código de tipo de contenido txt
337 ## - TIPO DE MEDIO
Fuente rdamedia
Nombre/término del tipo de medio sin mediación
Código del tipo de medio n
338 ## - TIPO DE SOPORTE
Fuente rdacarrier
Nombre/término del tipo de soporte volumen
Código del tipo de soporte nc
505 ## - NOTA DE CONTENIDO CON FORMATO
Nota de contenido con formato RECOGER Y GUARDAR EL ROSTRO DE LA GRAN CIUDAD DE MÉXICO, FUE TAREA QUE SE IMPUSO EL PERIODISTA QUERETANO LUIS VEGA Y MONROY. ESCÉPTICO ANTE EL DESARROLLO ABRUMADOR DE LA METRÓPOLI, ANTE EL QUEHACER FORMAL DE LOS CIUDADANOS, ANTE EL DISCURSO ENGOLADO, ANTE LA CARA "SERIA" DE LAS PRIMERAS PLANAS DE LOS PERIÓDICOS, EL ESCRITOR QUERTANO URDIÓ OTRO TIPO DE INFORMACIONES.
650 ## - PUNTO DE ACCESO ADICIONAL DE MATERIA--TÉRMINO DE MATERIA
Término de materia o nombre geográfico como elemento de entrada HISTORIA DE MÉXICO
Subdivisión de forma 917
Subdivisión general 900
Subdivisión cronológica 10
Subdivisión geográfica 7
942 ## - ELEMENTOS DE PUNTO DE ACCESO ADICIONAL (KOHA)
Fuente del sistema de clasificación o colocación Dewey Decimal Classification
Tipo de ítem Koha Colección Querétaro
Existencias
Estado de retiro Estado de pérdida Fuente del sistema de clasificación o colocación Estado dañado No para préstamo Código de colección Localización permanente Ubicación/localización actual Ubicación en estantería Fecha de adquisición Fuente de adquisición Total de préstamos Signatura topográfica completa Fecha visto por última vez Número de copia Precio válido a partir de Tipo de ítem Koha
    Dewey Decimal Classification   Préstamo en Sala Colección General BFC BIBLIOTECA PÚBLICA CENTRAL ESTATAL “FRANCISCO CERVANTES” BIBLIOTECA PÚBLICA CENTRAL ESTATAL “FRANCISCO CERVANTES” ACCESO B PLANTA ALTA SALA QUERÉTARO 06/19/2026 DONACIÓN   CQ / 917.2532 / V43 06/19/2026 EJ. 1 06/19/2026 Colección Querétaro
    Dewey Decimal Classification   Préstamo en Sala Colección General BFC BIBLIOTECA PÚBLICA CENTRAL ESTATAL “FRANCISCO CERVANTES” BIBLIOTECA PÚBLICA CENTRAL ESTATAL “FRANCISCO CERVANTES” ACCESO B PLANTA ALTA SALA QUERÉTARO 06/19/2026 DONACIÓN   CQ / 917.2532 / V43 06/19/2026 EJ. 2 06/19/2026 Colección Querétaro